| 000 | 00506nam a2200193 a 4500 | ||
|---|---|---|---|
| 005 | 20140412111234.0 | ||
| 008 | 000829s19uu xx 00 eng d | ||
| 020 | _a0-7496-1119-7 | ||
| 050 |
_aREF 030 _bFi44El 1993 |
||
| 100 | _aCharman, Andrew | ||
| 245 |
_aFirst starts elements : _cAndrew Charman. _bair / |
||
| 260 |
_aLondon : _bWatts Books, _c1993. |
||
| 300 | _a32 p. | ||
| 440 | _aFirst Starts Elements | ||
| 500 | _aIncludes index | ||
| 650 | _aSciences | ||
| 650 | _aAir | ||
| 999 |
_c102326 _d102326 |
||